Statistiques concernant Culture Pop par lettre - D

Cliquez ici pour prendre le quiz!

Statistiques générales

  • Ce quiz a été pris 2 321 fois
  • Le résultat moyen est 10 sur 15

Statistiques - réponses

CatégorieIndiceRéponse% Correct
Livre / FilmDirecteur emblématique de l'école de Harry PotterDumbledore
94%
Dessin AniméPrénom de la petite amie de Donald DuckDaisy
90%
Dessin AniméLe personnage principal est toujours accompagné de son fidèle compagnon BaboucheDora l'exploratrice
90%
MangaManga créé par Akira Toriyama qui raconte le parcours de Son GokuDragon Ball
88%
CompagnieStudios d'animation à l'origine des films Shrek, Madagascar ou encore DragonsDreamWorks Animation
86%
MarqueComplétez le slogan : "On se lève tous pour D........."Danette
76%
SérieFeuilleton racontant le quotidien de Susan Mayer (Teri Hatcher), Lynette Scavo (Felicity Huffman), Bree Van de Kamp (Marcia Cross) et Gabrielle Solis (Eva Longoria)Desperate Housewives
75%
LieuComplexe touristique à l'est de Paris affilé à une entreprise américaine spécialisée dans l'animationDisneyland Paris
75%
Livre / FilmTrilogie dans laquelle Tris doit comme tous les jeunes de 16 ans choisir sa faction : les Audacieux, les Érudits, les Altruistes, les Sincères ou les FraternelsDivergente
74%
ComicsLe plus attachant des anti-héros Marvel à l'humour et au cynisme sans finDeadpool
70%
Dessin AniméC'est le dernier dinosaure...Denver
64%
SérieOn y suit les aventures d'un voyageur temporel qui se déplace dans un vaisseau ayant l'apparence extérieure d'une cabine téléphonique bleueDoctor Who
61%
FilmDans ce film, un père (incarné par Robin Williams) se déguise en gouvernante pour pouvoir revoir ses enfants alors que sa femme vient de lui demander le divorce. Quel est nom prend-t-il pour jouer ce personnage ?Iphigénie Doubtfire
57%
FilmSérie de film comique mettant en scène le duo Jim Carrey/Jeff DanielsDumb et Dumber
38%
Film / Comédie MusicaleRéalisé en 2006, le film connaît un grand succès en réunissant à l'affiche Beyoncé, Jennifer Hudson, Eddie Murphy et Jaimie FoxxDreamgirls
12%

Distribution des résultats

Percentile par nombre de réponses

% des personnes avec chaque résultat

Votre développement - résultats

Vous n’avez pas pris ce quiz